00446nam a2200133Ia 45000010005000000080041000052450095000462500019001412600051001603000020002115460012002316500020002436500049002636615260622s9999 xx 000 0 und d 4aThe New World Reader: Thinking and Writing about the Global Community/ cGilbert H. Muller aSecond edition aBoston; NY; bHoughton Mifflin Company; c2008 a530p; c23x15cm aEnglish aCollege Readers aPE1001-3602 English Language- Modern English